Music Quiz

Random Music or Album Quiz
Score 0/62 Timer 10:00
0 Plays Today
Album Song % Correct
1984Jump
96.9%
Van HalenRunnin With The Devil
94.7%
1984Panama
94.2%
Van HalenEruption
92%
1984Hot For Teacher
90.3%
Van HalenIce Cream Man
89.8%
Van HalenYou Really Got Me
88.5%
19841984
87.2%
Diver DownPretty Woman
85%
Van HalenJamies Cryin
82.3%
1984I'll Wait
82.3%
Fair WarningMean Street
81%
Van HalenAin't Talkin' Bout Love
80.5%
Fair WarningUnchained
80.5%
1984Top Jimmy
78.8%
Van HalenAtomic Punk
77.9%
Van Halen IIBeautiful Girls
77.9%
Van Halen IIDance The Night Away
77.4%
Van HalenOn Fire
77%
Diver DownLittle Guitars
77%
Van Halen IISpanish Fly
76.5%
Women And Children FirstAnd The Cradle Will Rock
76.1%
Diver DownDancing In The Street
76.1%
1984Drop Dead Legs
73.9%
Van HalenI'm The One
72.1%
Van Halen IID.O.A.
72.1%
Van Halen IISomebody Get Me A Doctor
71.7%
Women And Children FirstEverybody Wants Some
71.2%
Diver DownCathedral
70.8%
1984House Of Pain
70.8%
Diver DownHappy Trails
69.5%
Album Song % Correct
Van HalenLittle Dreamer
69%
Diver DownWhere Have All The Good TImes Gone
68.6%
Diver DownBig Bad Bill
68.6%
Women And Children FirstTake Your Whiskey Home
68.1%
Diver DownIntruder
68.1%
Best Of Volume 1Me Wise Magic
67.7%
Van Halen IIYou're No Good
67.3%
Van HalenFeel Your Love Tonight
66.4%
1984Girl Gone Bad
66.4%
Fair WarningDirty Movies
65.9%
Women And Children FirstCould This Be Magic
65.5%
Women And Children FirstRomeo Delight
65%
Women And Children FirstTora Tora
64.6%
Diver DownLittle Guitars Intro
64.6%
Diver DownThe Full Bug
63.7%
Women And Children FirstLoss Of Control
63.3%
Fair WarningSunday Afternoon In The Park
63.3%
Fair WarningSinner's Swing
62.8%
Fair WarningSo This Is Love
61.5%
Van Halen IIBottoms Up
61.1%
Van Halen IIOutta Love Again
61.1%
Van Halen IIWomen In Love
60.6%
Women And Children FirstFools
60.2%
Diver DownHang Em High
59.7%
Diver DownSecrets
59.7%
Van Halen IILight Up The Sky
58.8%
Fair WarningHear About It Later
58%
Best Of Volume 1Can't Get This Stuff No More
58%
Fair WarningOne Foot Out The Door
57.5%
Women And Children FirstIn A Simple Rhyme
57.1%
Fair WarningPush Comes To Shove
55.8%

You're not logged in!

Compare scores with friends on all Sporcle quizzes.
OR
Log In

Sporcle TV

Today on Sporcle TV


Watch our educational content, quiz creation guides, and fun videos on Sporcle TV.

Show Comments

Extras

Top Quizzes Today


Score Distribution

Paid Content

Your Account Isn't Verified!

In order to create a playlist on Sporcle, you need to verify the email address you used during registration. Go to your Sporcle Settings to finish the process.

Report this User

Report this user for behavior that violates our Community Guidelines.

Details: